Statistiken für Fünf bevölkerungsreichste Länder - Mehrfarbige Karte

Klicken Sie hier um das Quiz zu spielen!

Allgemein

  • Dieses Quiz wurde 7.629 mal gespielt
  • Das Durchschnittsergebnis liegt bei 29 aus 40

Antworten auf der Karte

Die Antworten werden auf der Karte rot bzw. grün angezeigt, abhängig davon wie oft sie richtig erraten wurden.
 

Antwortstatistiken

FarbeLand% Korrekt
RotVereinigte Staaten
100%
GelbChina
96%
RotKanada
96%
SchwarzRussland
95%
GrünBrasilien
94%
GelbDeutschland
93%
LilaIndien
93%
BlauMexiko
91%
GelbArgentinien
89%
BlauFrankreich
89%
RotIndonesien
86%
RotAlgerien
83%
SchwarzJapan
83%
BlauIran
82%
OrangeItalien
82%
OrangeÄgypten
81%
OrangeD.R. Kongo
81%
RosaTürkei
79%
LilaNigeria
77%
RosaPakistan
75%
GrünVereinigtes Königreich
75%
GrünPolen
72%
BlauThailand
72%
OrangeIrak
71%
RotÄthiopien
70%
RosaKolumbien
70%
BlauVietnam
67%
SchwarzMyanmar
66%
LilaVenezuela
65%
OrangeMali
64%
SchwarzBangladesch
61%
GelbKenia
56%
SchwarzRumänien
53%
RosaTansania
53%
GrünMosambik
47%
GrünKamerun
44%
LilaSüdkorea
42%
GelbPhilippinen
40%
LilaElfenbeinküste
38%
RosaUganda
30%

Verteilung der Resultate

Perzentil nach korrekt beantworteten Fragen

Anzahl Personen mit jedem Resultat

Ihre Resultats-Entwicklung

Sie haben dieses Quiz noch nicht gespielt